[Event "Montigny le Bretonneux op 21st"]
[Site "Montigny le Bretonneux"]
[Date "2023.10.22"]
[Round "2"]
[White "Montay, Jean Paul"]
[Black "Danek, Victor"]
[Result "0-1"]
[WhiteElo "1313"]
[BlackElo "1475"]
[PlyCount "48"]
[EventDate "2023.10.21"]
[EventType "swiss"]
[EventRounds "7"]
[EventCountry "FRA"]
[SourceTitle "Mega2024 Update 01"]
[Source "Chessbase"]
[SourceDate "2023.11.12"]
[SourceVersion "1"]
[SourceVersionDate "2023.11.12"]
[SourceQuality "1"]

1. c4 c6 2. Nc3 d5 3. cxd5 cxd5 4. g3 Nf6 5. d4 Bf5 6. Bg2 e6 7. Bg5 Nbd7 8. Nf3 Be7 9. 0-0 0-0 10. Re1 Qb6 11. Na4 Qb4 12. a3 Qb5 13. Ne5 Bd6 14. Nxd7 Nxd7 15. e3 Rac8 16. Bf1 Qc6 17. Rc1 Bc2 18. Rxc2 Qxc2 19. Nc3 Qxd1 20. Rxd1 f6 21. Bf4 Bxf4 22. exf4 a6 23. Re1 Rfe8 24. b4 Rxc3 0-1

[Event "Montigny le Bretonneux op 20th"]
[Site "Montigny le Bretonneux"]
[Date "2022.10.28"]
[Round "7"]
[White "Danek, Victor"]
[Black "Montay, Jean Paul"]
[Result "1/2-1/2"]
[WhiteElo "1342"]
[BlackElo "1229"]
[PlyCount "124"]
[EventDate "2022.10.22"]
[EventType "swiss"]
[EventRounds "9"]
[EventCountry "FRA"]
[SourceTitle "EXT 2024"]
[Source "ChessBase"]
[SourceDate "2023.10.10"]
[SourceVersion "1"]
[SourceVersionDate "2023.10.10"]
[SourceQuality "1"]

1. c4 c6 2. Nc3 d5 3. Nf3 d4 4. Ne4 f5 5. Ng3 Nf6 6. d3 e6 7. a3 a5 8. Bf4 c5 9. e3 Bd6 10. Bxd6 Qxd6 11. Be2 Nc6 12. 0-0 0-0 13. Qc2 b6 14. exd4 Nxd4 15. Nxd4 Qxd4 16. Bf3 Rb8 17. Ne2 Qd6 18. Nc3 Bb7 19. Bxb7 Rxb7 20. Rad1 Ng4 21. g3 f4 22. Ne4 Qd4 23. h3 Ne5 24. Qc3 fxg3 25. Qxd4 Nf3+ 26. Kg2 Nxd4 27. fxg3 Nf5 28. Rde1 Rd7 29. g4 Nd4 30. Rxf8+ Kxf8 31. Ng5 Kg8 32. Re4 h6 33. Nxe6 Nxe6 34. Rxe6 Rxd3 35. Rxb6 Kf7 36. Rb5 g5 37. Rxa5 Rd2+ 38. Kg1 Rxb2 39. Rxc5 Rc2 40. a4 Rc1+ 41. Kf2 Rc2+ 42. Ke1 Ra2 43. a5 Rh2 44. a6 Rxh3 45. a7 Ra3 46. Rc7+ Ke6 47. c5 Kd5 48. Kd2 Kc4 49. Kc2 Kb5 50. Kb2 Ra4 51. c6 Kb6 52. Re7 Rxa7 53. Rxa7 Kxa7 54. Kc3 Kb6 55. Kd4 Kxc6 56. Ke5 Kd7 57. Kf6 Ke8 58. Kg6 Kf8 59. Kxh6 Kf7 60. Kh5 Kf6 61. Kh6 Kf7 62. Kh7 Kf6 1/2-1/2

[Event "Montigny le Bretonneux op 20th"]
[Site "Montigny le Bretonneux"]
[Date "2022.10.26"]
[Round "5"]
[White "Danek, Victor"]
[Black "Demiro O Domiro, Marc"]
[Result "0-1"]
[WhiteElo "1342"]
[BlackElo "1639"]
[PlyCount "112"]
[EventDate "2022.10.22"]
[EventType "swiss"]
[EventRounds "9"]
[EventCountry "FRA"]
[SourceTitle "EXT 2024"]
[Source "ChessBase"]
[SourceDate "2023.10.10"]
[SourceVersion "1"]
[SourceVersionDate "2023.10.10"]
[SourceQuality "1"]

1. c4 c5 2. Nc3 Nf6 3. e4 Nc6 4. g3 d6 5. Bg2 e5 6. Nf3 Be7 7. d3 0-0 8. 0-0 Bd7 9. Bd2 Ne8 10. a3 Qc8 11. Qe2 Nc7 12. Rfd1 Bg4 13. Be3 Ne6 14. Qd2 Ncd4 15. Bxd4 Nxd4 16. Qe3 Nc2 17. Qd2 Nxa1 18. Rxa1 f5 19. Nd5 Bd8 20. h3 Bh5 21. exf5 Bxf3 22. Bxf3 Qxf5 23. Bg4 Qf7 24. Re1 h5 25. Bd1 h4 26. Bg4 Ba5 27. b4 cxb4 28. axb4 hxg3 29. fxg3 Bb6+ 30. Nxb6 axb6 31. Qe2 Ra3 32. Rf1 Qxf1+ 33. Qxf1 Rxf1+ 34. Kxf1 Rxd3 35. Kf2 b5 36. cxb5 b6 37. Be2 Rd4 38. Ke3 g5 39. g4 Kg7 40. Kf3 Kf6 41. Ke3 Rxb4 42. Kf3 e4+ 43. Ke3 Ke5 44. Kd2 d5 45. Kc3 Rb1 46. Kc2 Rh1 47. Kd2 d4 48. Bd1 Rxh3 49. Ke2 Rh2+ 50. Kf1 Rh1+ 51. Ke2 d3+ 52. Ke3 Rxd1 53. Kf2 Kf4 54. Kg2 e3 55. Kh2 Kf3 56. Kh3 Rh1# 0-1